Alphabet challenge - Statistics

General Stats
  • This quiz has been taken 22 times
  • The average score is 17 of 26
Answer Stats
Letter % Correct
A
100%
B
100%
C
100%
D
100%
E
86%
F
86%
G
86%
H
71%
I
71%
J
71%
K
71%
L
71%
M
71%
N
71%
O
71%
P
57%
Q
43%
R
43%
S
43%
T
43%
U
43%
V
43%
W
43%
X
43%
Y
43%
Z
43%
No matching quizzes found
Score Distribution
Percent of People with Each Score
Percentile by Number Answered
Your Score History
You have not taken this quiz